| 000 | 01792cam a2200505 4500 | ||
|---|---|---|---|
| 001 | 22044 | ||
| 003 | VRT | ||
| 005 | 20260318094239.0 | ||
| 008 | 200104s2017 xo gr 000 fdslo | ||
| 015 | _aSNBA2018/05 | ||
| 020 |
_a9788056900222 _q(viazané) |
||
| 035 | _aurn:nbn:sk:snk-am00d2on | ||
| 035 | _aurn:nbn:sk:snk-am3hjms | ||
| 035 | _aEF985461-795A-46DD-9620-9387A4A1158A | ||
| 039 | 9 |
_a202001041236 _bVLOAD _c201805221303 _dmsnk21 _c201804111056 _dmsnk134 _c201803201056 _dmsvkbb03 |
|
| 040 |
_aPPPK _bslo _cPPPK _dSNK _erda |
||
| 041 | 0 | _aslo | |
| 044 |
_axo _cSK |
||
| 072 | 7 |
_a821.162.4-3 _xSlovenská próza _2konspekt |
|
| 080 |
_a821.162.4-32 _22011 |
||
| 080 |
_a(0:82-322.6) _22011 |
||
| 080 |
_a(093.3) _22011 |
||
| 100 | 1 |
_aBulbeck, Soňa, _d1961- _4aut |
|
| 245 | 1 | 0 |
_aDenník saudskej manželky _cSoňa Bulbeck |
| 250 | _a1. vydanie | ||
| 264 | 1 |
_aBratislava _bMarenčin PT _c2017 |
|
| 300 |
_a158 strán _c21 cm |
||
| 336 |
_atext _btxt _2rdacontent |
||
| 337 |
_abez média _bn _2rdamedia |
||
| 338 |
_azväzok _bnc _2rdacarrier |
||
| 500 | _aObsahuje biografické údaje o autorke na prebale publikácie | ||
| 655 | 7 |
_aslovenské príbehy _2SNKPH |
|
| 655 | 7 |
_aautobiografické príbehy _2SNKPH |
|
| 655 | 7 |
_adenníky _2SNKPH |
|
| 655 | 7 |
_aSlovak stories _2SNKPHeng |
|
| 655 | 7 |
_aAutobiographical stories _2SNKPHeng |
|
| 655 | 7 |
_aDiaries _2SNKPHeng |
|
| 942 |
_2ddc _cKLDO _n0 |
||
| 949 |
_6273K0632659 _asvkpoA 238631 _bsvkpo625632 |
||
| 949 |
_6270001000587453 _asvkbbA 153726 _bsvkbbm 775054 |
||
| 949 |
_62889336940 _asavukPV 25999 _bsavuk2018/1508 |
||
| 949 |
_617A1329507 _asnkSC 179086 _bsnk2018/8273 _o795/2018 _s6100:20180529 |
||
| 949 |
_617A1329508 _asnkSC 179086 D1 _bsnk2018/8274 _o795/2018 |
||
| 999 |
_c22044 _d22044 |
||